Praise the Lord (Da Shine) - A$AP Rocky feat. Skepta (Full lyrics) - Statistics

General Stats
  • This quiz has been taken 22 times
  • The average score is 363 of 497
Answer Stats
Lyrics % Correct
a
100%
and
100%
And
100%
I
100%
me,
100%
the
100%
The
100%
then,
100%
then
100%
in
94%
it
94%
It
94%
Lord,
94%
Lord
94%
mine,
94%
mine
94%
praise
94%
rain
94%
saw,
94%
saw
94%
what's
94%
break
88%
came,
88%
don't
88%
know
88%
law
88%
more
88%
my
88%
My
88%
rains,
88%
take
88%
to
88%
To
88%
flex,
81%
flex
81%
message,
81%
niggas,
81%
niggas
81%
on
81%
pours,
81%
pours
81%
So
81%
some
81%
Text
81%
Get
75%
get
75%
number
75%
out
75%
ex
69%
game
69%
go,
69%
go
69%
got
69%
like
69%
these
69%
These
69%
when
69%
with
69%
all
63%
bone
63%
Create,
63%
every
63%
explore,
63%
Flexin'
63%
it's
63%
muscle
63%
pants,
63%
pants
63%
plan
63%
shout
63%
We
63%
we
63%
but
56%
can
56%
give
56%
Give
56%
hat
56%
heard
56%
hoes
56%
plans
56%
shades,
56%
shades
56%
she
56%
They
56%
they
56%
Time
56%
time
56%
worry
56%
Yeah,
56%
You
56%
bands,
50%
cats,
50%
chain,
50%
chain
50%
check
50%
Dior,
50%
dogs
50%
Even
50%
even
50%
expand,
50%
make
50%
now
50%
rock
50%
roll
50%
shots,
50%
stage
50%
Steady
50%
that
50%
this
50%
twenty
50%
voice
50%
your
50%
could
44%
dance
44%
escape
44%
girls,
44%
how
44%
left
44%
loaded,
44%
Lock,
44%
name?
44%
never
44%
Pockets
44%
ran
44%
rats,
44%
shine
44%
shine,
44%
smokin'
44%
Smoking
44%
takin'
44%
Two
44%
velour
44%
you're
44%
Barrels
38%
bars
38%
conquer
38%
devil
38%
'em
38%
fresh
38%
hate,
38%
heart
38%
I'd
38%
I'm
38%
is
38%
let's
38%
Locked
38%
open
38%
please,
38%
protect
38%
think
38%
weak
38%
window
38%
babes
31%
game's
31%
hard
31%
jumpin'
31%
loss
31%
nothin'
31%
okay,
31%
or
31%
over
31%
pack,
31%
rocket
31%
sold
31%
squeeze
31%
that's
31%
Vans,
31%
world
31%
block
25%
braids
25%
car
25%
corner,
25%
design,
25%
focus
25%
hurtin'
25%
hustle,
25%
knees
25%
lame,
25%
Line
25%
line
25%
line,
25%
refine
25%
Sometimes
25%
stop
25%
trap,
25%
Uh,
25%
uh,
25%
way
25%
X,
25%
y'all
25%
allow
19%
around
19%
believe,
19%
bless
19%
climbing
19%
disease,
19%
either
19%
finesse
19%
listened
19%
new
19%
peeped
19%
return,
19%
snakes,
19%
speak,
19%
stepped
19%
Stock,
19%
thanks,
19%
up
19%
waited
19%
chart-
13%
diamonds
13%
greaze
13%
loose,
13%
mans,
13%
numbers
13%
outs
13%
You'd
13%
glowin',
6%
No matching quizzes found
Score Distribution
Percent of People with Each Score
Percentile by Number Answered
Your Score History
You have not taken this quiz